000 00780nam a2200229Ia 4500
003 GCL
008 140319s9999 xx 000 0 ara d
040 _aGCL /
_cGCL
082 0 4 _a811.008032
_bج م
100 1 _aحسين مجيب المصرى
245 1 0 _aالمسجد بين شعراء العربية والفارسية والتركية والاردنية(دراسة فى الادب الاسلامى المقارن) /
_cحسين مجيب المصرى
260 _a[S.N] :
_bمكتبة مدبولى ،
_c1993
300 _a241 ص
490 _a
650 0 4 _aالشعر العربى
650 0 4 _aالادب العربى
650 0 4 _aتاريخ
650 0 4 _aالاسلام
650 0 4 _aالشعراء العرب
650 0 4 _aالمساجد
942 _2ddc
_cBK
999 _c29752
_d29752